|
|
|
|
| LEADER |
00000cam a22000004a 4500 |
| 001 |
musev2_99076 |
| 003 |
MdBmJHUP |
| 005 |
20230905053405.0 |
| 006 |
m o d |
| 007 |
cr||||||||nn|n |
| 008 |
201020s1991 inu o 00 0 eng d |
| 020 |
|
|
|a 9780268201272
|
| 020 |
|
|
|z 9780268009816
|
| 020 |
|
|
|z 9780268009809
|
| 035 |
|
|
|a (OCoLC)1200847473
|
| 040 |
|
|
|a MdBmJHUP
|c MdBmJHUP
|
| 100 |
1 |
|
|a Grisez, Germain Gabriel,
|d 1929-2018.
|
| 245 |
1 |
0 |
|a Fulfillment in Christ :
|b A Summary of Christian Moral Principles /
|c Germain Grisez and Russell Shaw.
|
| 264 |
|
1 |
|a Notre Dame :
|b Notre Dame University Press,
|c 1991.
|
| 264 |
|
3 |
|a Baltimore, Md. :
|b Project MUSE,
|c 2022
|
| 264 |
|
4 |
|c ©1991.
|
| 300 |
|
|
|a 1 online resource (476 pages).
|
| 336 |
|
|
|a text
|b txt
|2 rdacontent
|
| 337 |
|
|
|a computer
|b c
|2 rdamedia
|
| 338 |
|
|
|a online resource
|b cr
|2 rdacarrier
|
| 505 |
0 |
|
|a Introduction -- Free Choice, Self-determination, Community, and Character -- Conscience: Knowledge of Moral Truth -- Some Mistaken Theories of Moral Principles -- The Goods Which Fulfill Persons -- Critique of the Proportionalist Method of Moral Judgement -- Natural Law and the Fundamental Principles of Morality -- The Modes of Responsibility Which Specify the First Principle -- The Voluntary: What Moral Norms Bear Upon -- From Modes of Responsibility to Moral Norms -- The Moral Authority of Law -- Moral Judgement in Problematic Situations -- What Sin is and What it is not -- Sin of Adam and Sins of Men and Women -- Distinctions among Sins; Sins of Thought -- The Distinction between Grave and Light matter -- Sufficient Reflection; Sins of Weakness -- The Way of Sin to Death -- Fulfillment in Jesus and Human Fulfillment -- The Relationship between God and Sinful Humankind -- God's Redemptive Work: Covenant and Incarnation -- God's Redemptive Work in Jesus' Human Life -- God's Redemptive Work in the Lives of Christians -- Christians: Human Children of God -- Christian Love as the Principle of Christian Life -- Modes of Christian Response -- Life Formed by the Modes of Christian Response -- The Practicability of Christian Morality -- Prayer: The Fundamental Category of Christian Action -- Sacraments in General and Baptism -- Confirmation, the Apostolate, and Personal Vocation -- Penance, Anointing, and the Life of Self-denial -- Eucharistic Life as Fulfillment in the Lord Jesus -- Christian Life Animated with hope of Everlasting Life -- The Truth of Christ Lives in His Church -- A Critical Examination of Radical Theological Dissent.
|
| 520 |
|
|
|a Fulfillment in Christ presents an original, contemporary treatment of one of the most challenging parts of Catholic theology. Germain Grisez and Russell Shaw offer a radical rethinking of fundamental moral theology in the light of Vatican II and in response to the current turmoil in that field.
|
| 588 |
|
|
|a Description based on print version record.
|
| 610 |
2 |
7 |
|a Catholic Church.
|2 fast
|0 (OCoLC)fst00531720
|
| 610 |
2 |
6 |
|a Église catholique
|x Doctrines.
|
| 610 |
2 |
0 |
|a Catholic Church
|x Doctrines.
|
| 650 |
0 |
7 |
|a Katholische Kirche.
|2 swd
|
| 650 |
1 |
7 |
|a Moraaltheologie.
|2 gtt
|
| 650 |
|
7 |
|a Theology, Doctrinal.
|2 fast
|0 (OCoLC)fst01149617
|
| 650 |
|
7 |
|a Christian life
|x Catholic authors.
|2 fast
|0 (OCoLC)fst00859189
|
| 650 |
|
7 |
|a Christian ethics
|x Catholic authors.
|2 fast
|0 (OCoLC)fst00859110
|
| 650 |
|
7 |
|a RELIGION / Philosophy
|2 bisacsh
|
| 650 |
|
6 |
|a Vie chretienne
|x Auteurs catholiques.
|
| 650 |
|
6 |
|a Morale chretienne
|x Auteurs catholiques.
|
| 650 |
|
0 |
|a Christian life
|x Catholic authors.
|
| 650 |
|
0 |
|a Christian ethics
|x Catholic authors.
|
| 655 |
|
7 |
|a Electronic books.
|2 local
|
| 700 |
1 |
|
|a Shaw, Russell B.
|
| 710 |
2 |
|
|a Project Muse.
|e distributor
|
| 830 |
|
0 |
|a Book collections on Project MUSE.
|
| 856 |
4 |
0 |
|z Texto completo
|u https://projectmuse.uam.elogim.com/book/99076/
|
| 945 |
|
|
|a Project MUSE - Custom Collection
|